| 000 | 00495 a2200169 4500 | ||
|---|---|---|---|
| 999 |
_c26566 _d26566 |
||
| 008 | 230615b ||||| |||| 00| 0 eng d | ||
| 020 |
_a9789390385270 _cRs.950.00 |
||
| 041 | 0 | _aeng | |
| 082 | 0 | 0 |
_a620.00151825 _bR3137 |
| 100 | _aReddy, J. N. | ||
| 245 |
_aIntroduction to The Finite Element Method / _cJ.N. Reddy |
||
| 250 | _a4th ed. | ||
| 260 |
_aChennai: _bMcGraw Hill Education (India) Pvt. Ltd., _c2020. |
||
| 300 | _axxxiv,782 p. | ||
| 650 | 0 | _aFinite element method | |
| 942 |
_2ddc _cBK |
||